Memorias de Garibay. [Refranes vascongados / (Record no. 154243)

MARC details
000 -LEADER
campo de control de longitud fija 01094nam a2200253 i 4500
001 - NÚMERO DE CONTROL
campo de control 154243
003 - IDENTIFICADOR DE NÚMERO DE CONTROL
campo de control ES-MaACL
005 - FECHA Y HORA DE LA ÚLTIMA TRANSACCIÓN
campo de control 20251009191937.0
008 - DATOS DE LONGITUD FIJA--INFORMACIÓN GENERAL
campo de control de longitud fija 950103s1854 sp |||| | spa d
040 ## - FUENTE DE CATALOGACIÓN
Centro catalogador/agencia de origen EUS
Lengua de catalogación spa
Centro/agencia transcriptor EUS
100 1# - ENTRADA PRINCIPAL--NOMBRE DE PERSONA
Nombre de persona Garibay y Zamalloa, Esteban de.
9 (RLIN) 55551
245 10 - MENCIÓN DEL TÍTULO
Título Memorias de Garibay. [Refranes vascongados /
Mención de responsabilidad, etc. recogidos y ordenados por Estevan de Garibay y Çamalloa. Cartas y disertaciones de Don Juan Antonio Moguel sobre la lengua vascongada].
260 ## - PUBLICACIÓN, DISTRIBUCIÓN, ETC.
Lugar de publicación, distribución, etc. Madrid :
Nombre del editor, distribuidor, etc. Real Academia de la Historia,
Fecha de publicación, distribución, etc. 1854 (
Fabricante Imprenta de José Rodriguez)
300 ## - DESCRIPCIÓN FÍSICA
Extensión XVI, 753 p. ;
Dimensiones 23 cm.
490 1# - MENCIÓN DE SERIE
Mención de serie Memorial Histórico Español ;
Designación de volumen o secuencia 7
597 ## - NOTA DE DESCRIPCIÓN FÍSICA
NOTA DE DESCRIPCIÓN FÍSICA Tit. tomado de la portadilla.
650 ## - PUNTO DE ACCESO ADICIONAL DE MATERIA--TÉRMINO DE MATERIA
Término de materia o nombre geográfico como elemento de entrada Lengua vasca.
9 (RLIN) 14329
650 #4 - PUNTO DE ACCESO ADICIONAL DE MATERIA--TÉRMINO DE MATERIA
Término de materia o nombre geográfico como elemento de entrada Refranes y proverbios-
Subdivisión geográfica País Vasco.
9 (RLIN) 137300
700 1# - ENTRADA AGREGADA--NOMBRE PERSONAL
Nombre de persona Mogel, Juan Antonio,
Fechas asociadas al nombre 1745-1804
9 (RLIN) 156383
740 0# - ENTRADA AGREGADA--TÍTULO RELACIONADO/ANALÍTICO NO CONTROLADO
Título relacionado o analítico no controlado Cartas y disertaciones de Don Juan Antonio Moguel sobre la lengua vascongada.
830 00 - PUNTO DE ACCESO ADICIONAL DE SERIE-TÍTULO UNIFORME
Título uniforme Memorial histórico español
Designación de volumen o secuencia 7
9 (RLIN) 187759
852 ## - LOCALIZACIÓN
Ubicación ES-MaACL
Número de control de estantería C-19312
Nota libre -- Enc. hol.
Holdings
Estatus retirado Estado de pérdida Estado de daño No para préstamo Colección Biblioteca de origen Biblioteca actual Ubicación en estantería Fecha de adquisición Fuente de adquisición Total de préstamos Signatura topográfica completa Código de barras Visto por última vez Precio de reemplazo Tipo de ítem Koha
        Libros del s. XIX Biblioteca del Ateneo de Madrid Biblioteca del Ateneo de Madrid Galería 17/01/2008     C-19312 1161289 23/02/2023 23/02/2023 Libro impreso antiguo